000 00357 a2200157 4500
001 170485
020 _a
040 _cMagnum
100 _aRodrigues, Rosicler Martins
240 1 0 _aColecao desafios: vida na terra
_lpor
245 1 0 _aColecao desafios: vida na terra
362 0 _a1899
440 1 _aScipione
697 _aPARADIDATICOS
942 _cBK
999 _c170485
_d170485